000 00278nam a2200121Ia 4500
005 20251222143133.0
008 251222s9999||||xx |||||||||||||| ||spa||
082 _a848.9/C45
100 _aCesbron, Gilbert
245 0 _aEs Mozart quien muere
264 _bDestino
942 _cLIB
999 _c12009
_d12009